000 00275nam a2200121Ia 4500
008 190216s9999||||xx |||||||||||||| ||und||
100 _aSradharam Fullauri
245 0 _aHindi-Magalbathi
260 _bPoorna Pubs Kozhikode
300 _a104
650 _aHindi
942 _cBK
999 _c15934
_d15934